| 000 | 00832cam a22002773a 4500 | ||
|---|---|---|---|
| 001 | 14355 | ||
| 003 | PGUSA | ||
| 005 | 20140828083316.0 | ||
| 008 | 041215s2004||||xxu|||||s|||||000 1 eng d | ||
| 040 |
_aPGUSA _beng |
||
| 042 | _adc | ||
| 050 | 4 | _aPS | |
| 100 | 1 |
_aHough, Emerson, _d1857-1923 |
|
| 245 | 1 | 0 |
_a54-40 or Fight _h[electronic resource] / _cEmerson Hough |
| 260 |
_bProject Gutenberg, _c2004 |
||
| 506 | _aPublic domain in the USA. | ||
| 516 | _aElectronic text | ||
| 653 | _aUnited States -- History -- 1815-1861 -- Fiction | ||
| 653 | _aOregon Territory -- History -- Fiction | ||
| 653 | _aHistorical fiction | ||
| 700 | 1 |
_aKeller, Arthur Ignatius, _d1866-1924 |
|
| 740 | 0 | _aFifty-four-forty or fight | |
| 830 | 0 |
_aProject Gutenberg _v14355 |
|
| 856 | 4 | 0 | _uhttp://www.gutenberg.org/ebooks/14355 |
| 942 | _cEB | ||
| 999 |
_c243610 _d243610 |
||